Urban Design Alliance (Record no. 119747)

MARC details
000 -LEADER
fixed length control field 00687cam a2200181 4500
001 - CONTROL NUMBER
control field WS110360
008 - FIXED-LENGTH DATA ELEMENTS--GENERAL INFORMATION
fixed length control field 000000n 000 0 eng u
035 ## - SYSTEM CONTROL NUMBER
System control number (Sirsi) u110360
110 ## - MAIN ENTRY--CORPORATE NAME
Corporate name or jurisdiction name as entry element Urban Design Alliance
9 (RLIN) 4005
245 ## - TITLE STATEMENT
Title Urban Design Alliance
520 ## - SUMMARY, ETC.
Summary, etc. Site for this group of organisations committed to 'improving the quality of urban life through urban design'. Includes links to their journal 'UDAL News', policy documents and details of initiatives.
650 ## - SUBJECT ADDED ENTRY--TOPICAL TERM
Topical term or geographic name entry element URBAN DESIGN
650 ## - SUBJECT ADDED ENTRY--TOPICAL TERM
Topical term or geographic name entry element URBAN RENEWAL
650 ## - SUBJECT ADDED ENTRY--TOPICAL TERM
Topical term or geographic name entry element ORGANISATION
690 ## - LOCAL SUBJECT ADDED ENTRY--TOPICAL TERM (OCLC, RLIN)
Topical term or geographic name as entry element REGENERATION
856 40 - ELECTRONIC LOCATION AND ACCESS
Uniform Resource Identifier <a href="https://www.udal.org.uk">https://www.udal.org.uk</a>
Public note View the website free of charge at www.udal.org.uk...
942 ## - ADDED ENTRY ELEMENTS (KOHA)
Suppress in OPAC 0
Holdings
Withdrawn status Lost status Source of classification or shelving scheme Damaged status Not for loan Home library Current library Shelving location Date acquired Total Checkouts Full call number Barcode Date last seen Copy number Price effective from Koha item type
    Dewey Decimal Classification     Virtual Virtual Online 15/01/2001   WEB SITE 110360-2001 06/08/2019 1 06/08/2019 Online material